000
00252nam a2200097Ia 4500
001
1253011
005
20251031150945.0
008
251031s9999 xx 000 0 und d
245
0
_c
MUSTAFA ORAKÇI
_a
V-12 LEVENT MARDİN'DE
260
_b
TİMAŞ YAYINLARI
999
_c
1253011
_d
1253011